MCU Characters with the most appearances - Statistics

General Stats
  • This quiz has been taken 1,424 times
    1,062 since last reset
  • The average score is 32 of 57
Answer Stats
# of Films Answer % Correct
11 Iron Man
99%
11 Captain America
98%
8 Black Widow
96%
8 Hulk
96%
7 Thor
96%
5 Hawkeye
94%
6 Spider-Man
94%
11 Nick Fury
90%
6 Loki
89%
5 Thanos
87%
4 Star-Lord
85%
4 Black Panther
84%
5 Scarlet Witch
84%
4 Gamora
83%
4 Ant-Man
82%
4 Rocket
82%
4 Groot
80%
4 Doctor Strange
79%
4 Drax
79%
6 Falcon
79%
3 Vision
77%
6 Bucky
76%
3 Hope Van Dyne
75%
7 Pepper Potts
75%
8 War Machine
71%
4 Nebula
67%
3 Odin
66%
5 Maria Hill
65%
3 Mantis
64%
3 Shuri
55%
4 Ned
54%
5 Phil Coulson
51%
3 Hank Pym
49%
3 Jane Foster
48%
5 Peggy Carter
48%
3 Wong
46%
6 Happy Hogan
45%
3 Okoye
45%
5 Heimdall
36%
4 Aunt May
34%
3 Frigga
34%
3 Red Skull
29%
4 Howard Stark
28%
3 Erik Selvig
27%
4 Thunderbolt Ross
24%
3 M'Baku
21%
3 Janet Van Dyne
20%
3 Collector
17%
3 Volstagg
14%
3 Fandral
13%
3 Hogun
13%
3 Cassie Lang
11%
3 Crossbones
10%
3 Ayo
9%
4 Jasper Sitwell
9%
3 Kraglin
9%
3 Howard the Duck
7%
No matching quizzes found
Score Distribution
Percent of People with Each Score
Percentile by Number Answered
Your Score History
You have not taken this quiz since the last reset